000
00383nam a2200181Ia 4500
003
IT-RoPAU
008
120407s9999 xx 000 0 und d
040
_a
IT-RoPAU
040
_c
IT-RoPAU
100
_a
Tommaso D'Aquino
100
_c
san
245
_a
Commento al libro delle cause
250
_a
Milano
260
_a
Rusconi
300
_c
cm
490
_v
1
942
_c
BK
999
_c
10334
_d
10334